[Event "Penang op-B 9th"]
[Site "Penang"]
[Date "2017.12.04"]
[Round "1"]
[White "Ang, Jing Xu"]
[Black "Chan, Yung Kang Jerome"]
[Result "0-1"]
[WhiteElo "1146"]
[BlackElo "1761"]
[PlyCount "58"]
[EventDate "2017.12.04"]
[EventType "swiss"]
[EventRounds "9"]
[EventCountry "MAS"]
[SourceTitle "CBM 182 Extra"]
[Source "ChessBase"]
[SourceDate "2018.02.23"]
[SourceVersion "1"]
[SourceVersionDate "2018.02.23"]
[SourceQuality "1"]

1. d4 Nf6 2. c4 g6 3. Nc3 Bg7 4. e4 d6 5. Be2 0-0 6. Nf3 Nc6 7. 0-0 e5 8. d5 Ne7 9. b4 Nd7 10. Ba3 a5 11. Na4 axb4 12. Bxb4 b6 13. a3 h6 14. Nc3 f5 15. Nb5 Nf6 16. exf5 Nxf5 17. Nxe5 dxe5 18. Bxf8 Bxf8 19. a4 Bc5 20. Qd2 Kh7 21. a5 c6 22. Nc3 bxa5 23. Na4 Bd4 24. Ra2 cxd5 25. cxd5 Qxd5 26. Rc2 Ra7 27. Rxc8 Bxf2+ 28. Rxf2 Qxd2 29. Rc5 Qd4 0-1